[Event "Krasnodar Region-ch"]
[Site "Krasnodar"]
[Date "2011.10.21"]
[Round "8"]
[White "Tseshkovsky, Vitaly"]
[Black "Kudelya, Igor"]
[Result "1-0"]
[WhiteElo "2483"]
[BlackElo "2067"]
[PlyCount "75"]
[EventDate "2011.10.14"]
[EventType "swiss"]
[EventRounds "9"]
[EventCountry "RUS"]
[SourceTitle "EXT 2022"]
[Source "ChessBase"]
[SourceDate "2021.10.06"]
[SourceVersion "1"]
[SourceVersionDate "2021.10.06"]
[SourceQuality "1"]

1. e4 c5 2. Nf3 Nc6 3. d4 cxd4 4. Nxd4 Qc7 5. Nc3 e6 6. Be3 a6 7. Qd2 Nf6 8. 0-0-0 Bb4 9. f3 Ne7 10. Nde2 b5 11. Bf4 e5 12. Bg5 h5 13. Kb1 Ba5 14. Nc1 b4 15. Na4 b3 16. Qd3 bxc2+ 17. Qxc2 Qxc2+ 18. Kxc2 Bc7 19. Nb3 d6 20. Kb1 Bd7 21. Nc3 Be6 22. h4 Nd7 23. g3 f6 24. Be3 Kf7 25. Rh2 Rhb8 26. Rc1 Rb7 27. Rhc2 Bd8 28. Rd1 Bc7 29. Nd2 Nc8 30. Nc4 Ke7 31. Nd5+ Bxd5 32. exd5 Na7 33. Bd3 Nb5 34. Bg6 Rh8 35. a4 Na7 36. Rdc1 Bd8 37. Nxd6 Kxd6 38. Rc6+ 1-0

[Event "Krasnodar Region-ch"]
[Site "Krasnodar"]
[Date "2011.10.17"]
[Round "4"]
[White "Bryzgalin, Kirill"]
[Black "Tseshkovsky, Vitaly"]
[Result "1/2-1/2"]
[WhiteElo "2469"]
[BlackElo "2483"]
[PlyCount "91"]
[EventDate "2011.10.14"]
[EventType "swiss"]
[EventRounds "9"]
[EventCountry "RUS"]
[SourceTitle "EXT 2022"]
[Source "ChessBase"]
[SourceDate "2021.10.06"]
[SourceVersion "1"]
[SourceVersionDate "2021.10.06"]
[SourceQuality "1"]

1. e4 c5 2. Nf3 Nc6 3. d4 cxd4 4. Nxd4 Qb6 5. Nb3 Nf6 6. Nc3 d6 7. Be3 Qc7 8. Bg5 e6 9. Qd2 a6 10. 0-0-0 b5 11. f4 b4 12. Bxf6 gxf6 13. Ne2 Bb7 14. Kb1 0-0-0 15. Ned4 Qb6 16. Nxc6 Bxc6 17. Bd3 Kb8 18. f5 Rg8 19. Rhf1 Be7 20. Qe2 d5 21. exd5 Rxd5 22. g3 Rgd8 23. Qh5 R5d7 24. Qe2 e5 25. Nd2 a5 26. g4 h6 27. h4 Qc5 28. Rde1 a4 29. g5 hxg5 30. hxg5 fxg5 31. f6 Bd6 32. Ne4 Bxe4 33. Bxe4 a3 34. Rd1 Bf8 35. Rxd7 Rxd7 36. Qa6 Ra7 37. Qd3 Qd4 38. Qxd4 exd4 39. Rf5 g4 40. Rg5 Kc7 41. Rxg4 Ra6 42. Bd3 Rxf6 43. Rxd4 Rf2 44. bxa3 bxa3 45. Rd5 Rd2 46. Bc4 1/2-1/2

[Event "Agzamov Memorial 05th"]
[Site "Tashkent"]
[Date "2011.03.21"]
[Round "4"]
[White "Tseshkovsky, Vitaly"]
[Black "Roiz, Michael"]
[Result "0-1"]
[WhiteElo "2493"]
[BlackElo "2661"]
[PlyCount "84"]
[EventDate "2011.03.18"]
[EventType "swiss"]
[EventRounds "9"]
[EventCountry "UZB"]
[SourceTitle "CBM 141 Extra"]
[Source "ChessBase"]
[SourceDate "2011.05.03"]
[SourceVersion "1"]
[SourceVersionDate "2011.05.03"]
[SourceQuality "1"]

1. e4 c6 2. d4 d5 3. Nc3 dxe4 4. Nxe4 Bf5 5. Ng3 Bg6 6. h4 h6 7. Nf3 e6 8. h5 Bh7 9. Bd3 Bxd3 10. Qxd3 Nf6 11. Bd2 Be7 12. 0-0-0 0-0 13. Kb1 Nbd7 14. Ne4 Nxe4 15. Qxe4 Nf6 16. Qe2 Qd5 17. Ne5 Qe4 18. Qxe4 Nxe4 19. Be1 Rfd8 20. f3 Nf6 21. Bf2 Rac8 22. g4 Kf8 23. c4 a6 24. Rhf1 Ke8 25. Be3 Bd6 26. b3 Bb8 27. Bc1 b5 28. Bb2 bxc4 29. bxc4 c5 30. dxc5 Rxd1+ 31. Rxd1 Rxc5 32. Nd3 Rxc4 33. g5 Nxh5 34. Rh1 Nf4 35. Bxg7 hxg5 36. Nf2 f5 37. Bf6 Ba7 38. Nd1 g4 39. Nb2 Rc6 40. fxg4 fxg4 41. Rh8+ Kf7 42. Be5 Be3 0-1

[Event "Moscow Aeroflot op-B 10th"]
[Site "Moscow"]
[Date "2011.02.09"]
[Round "2"]
[White "Mansour, Sameer"]
[Black "Tseshkovsky, Vitaly"]
[Result "1/2-1/2"]
[WhiteElo "2332"]
[BlackElo "2528"]
[PlyCount "111"]
[EventDate "2011.02.08"]
[EventType "swiss"]
[EventRounds "9"]
[EventCountry "RUS"]
[SourceTitle "CBM 140 Extra"]
[Source "ChessBase"]
[SourceDate "2011.03.01"]
[SourceVersion "1"]
[SourceVersionDate "2011.03.01"]
[SourceQuality "1"]

1. e4 d6 2. d4 g6 3. Nf3 Nf6 4. Nc3 Bg7 5. Be2 0-0 6. 0-0 c6 7. a4 a5 8. Re1 Na6 9. Bf1 Bg4 10. h3 Bxf3 11. Qxf3 Nd7 12. Bxa6 Rxa6 13. Qd3 Ra8 14. Bg5 Re8 15. Rad1 Qb6 16. b3 Nf8 17. Be3 Qa6 18. Nb1 Qxd3 19. Rxd3 b5 20. Nc3 b4 21. Nb1 d5 22. Nd2 Ne6 23. e5 f6 24. Nf3 fxe5 25. dxe5 Rf8 26. Ng5 Nxg5 27. Bxg5 e6 28. Be3 Rf7 29. c3 Ra6 30. cxb4 axb4 31. Bc5 Bf8 32. Rc1 Rf4 33. f3 Bxc5+ 34. Rxc5 Kf8 35. Kf2 Ke8 36. Ke3 Rf5 37. f4 g5 38. g3 gxf4+ 39. gxf4 Kd7 40. Rd2 Rh5 41. Rh2 Kc7 42. Kf3 Kb6 43. Rhc2 Kb7 44. Kg4 Rf5 45. a5 h5+ 46. Kf3 Rf7 47. Ke3 Rg7 48. f5 Rg5 49. Rf2 Kc7 50. h4 Rg4 51. Rf4 exf5 52. Rxf5 Rxh4 53. Rf7+ Kd8 54. Rf6 Kc7 55. Rf7+ Kc8 56. Rf6 1/2-1/2

[Event "Wch Seniors 20th"]
[Site "Arco"]
[Date "2010.11.04"]
[Round "9"]
[White "Suba, Mihai"]
[Black "Tseshkovsky, Vitaly"]
[Result "0-1"]
[WhiteElo "2464"]
[BlackElo "2564"]
[PlyCount "114"]
[EventDate "2010.10.26"]
[EventType "swiss"]
[EventRounds "11"]
[EventCountry "ITA"]
[SourceTitle "EXT 2011"]
[Source "ChessBase"]
[SourceDate "2010.11.26"]
[SourceVersion "1"]
[SourceVersionDate "2010.11.26"]
[SourceQuality "1"]

1. Nf3 Nf6 2. c4 g6 3. Nc3 d5 4. cxd5 Nxd5 5. e4 Nxc3 6. dxc3 Qxd1+ 7. Kxd1 f6 8. Bc4 e5 9. Ke2 Nd7 10. Be3 Bc5 11. Rhd1 Bxe3 12. Kxe3 Ke7 13. Ne1 a5 14. a4 Nb6 15. Bb3 c5 16. f4 c4 17. Bc2 Bg4 18. Nf3 Rac8 19. fxe5 fxe5 20. Rd2 Bxf3 21. gxf3 Rhf8 22. Rg1 Rcd8 23. Rgg2 Rxd2 24. Rxd2 Rf6 25. h4 Rf4 26. Rh2 Nd7 27. Bd1 Rf6 28. Rd2 Rd6 29. Rxd6 Kxd6 30. f4 Nc5 31. Bc2 exf4+ 32. Kxf4 Ne6+ 33. Kg4 h5+ 34. Kf3 Ke5 35. Bd1 g5 36. Be2 gxh4 37. Bxc4 Ng5+ 38. Kg2 Kxe4 39. b4 b6 40. Bb5 Ke3 41. bxa5 bxa5 42. Kh2 h3 43. Be8 h4 44. Bb5 Ke4 45. Bf1 Kd5 46. Bb5 Kc5 47. Bd3 Ne6 48. Bb5 Nf4 49. Bf1 Nd5 50. Bb5 Nxc3 51. Be8 Kb4 52. Kxh3 Nxa4 53. Kxh4 Nc3 54. Kg4 Nb5 55. Kf4 a4 56. Ke5 Kc3 57. Bf7 Nd4 0-1

[Event "Wch Seniors 20th"]
[Site "Arco"]
[Date "2010.11.01"]
[Round "6"]
[White "Jansa, Vlastimil"]
[Black "Tseshkovsky, Vitaly"]
[Result "1/2-1/2"]
[WhiteElo "2499"]
[BlackElo "2564"]
[PlyCount "99"]
[EventDate "2010.10.26"]
[EventType "swiss"]
[EventRounds "11"]
[EventCountry "ITA"]
[SourceTitle "EXT 2011"]
[Source "ChessBase"]
[SourceDate "2010.11.26"]
[SourceVersion "1"]
[SourceVersionDate "2010.11.26"]
[SourceQuality "1"]

1. e4 g6 2. d4 Bg7 3. Nc3 d6 4. Be3 c6 5. h3 Nd7 6. f4 b5 7. Bd3 b4 8. Nce2 Ngf6 9. Nf3 0-0 10. a3 bxa3 11. Rxa3 Bb7 12. c4 c5 13. d5 e6 14. Qd2 exd5 15. exd5 Re8 16. Nc3 Nh5 17. 0-0 f5 18. Re1 Nf8 19. Bf2 Rxe1+ 20. Bxe1 Bc8 21. Bf2 a6 22. Na2 Qf6 23. Rb3 Qe7 24. Nc3 Qc7 25. g3 Bd7 26. Ra3 Qb7 27. Kg2 Rb8 28. Nd1 Nf6 29. Qa5 Bc8 30. Nd2 Qe7 31. Bc2 Ne4 32. Nxe4 fxe4 33. Re3 Bxb2 34. Rxe4 Qf7 35. Nxb2 Rxb2 36. Re2 Bxh3+ 37. Kxh3 Rxc2 38. Rxc2 Qf5+ 39. Kg2 Qxc2 40. Qxa6 Qe4+ 41. Kg1 Qe7 42. Kg2 Nd7 43. Qb7 h5 44. Kf1 Kf7 45. Be1 Nf6 46. Qxe7+ Kxe7 47. Ke2 Ng4 48. Kf3 Nh6 49. Bc3 Nf5 50. Be1 1/2-1/2

[Event "Wch Seniors 20th"]
[Site "Arco"]
[Date "2010.10.30"]
[Round "5"]
[White "Tseshkovsky, Vitaly"]
[Black "Rajkovic, Dusan"]
[Result "0-1"]
[WhiteElo "2564"]
[BlackElo "2443"]
[PlyCount "78"]
[EventDate "2010.10.26"]
[EventType "swiss"]
[EventRounds "11"]
[EventCountry "ITA"]
[SourceTitle "EXT 2011"]
[Source "ChessBase"]
[SourceDate "2010.11.26"]
[SourceVersion "1"]
[SourceVersionDate "2010.11.26"]
[SourceQuality "1"]

1. e4 c5 2. Nf3 Nc6 3. d4 cxd4 4. Nxd4 g6 5. c4 Nf6 6. Nc3 Nxd4 7. Qxd4 d6 8. Be3 Bg7 9. Be2 0-0 10. Qd2 a5 11. 0-0 a4 12. f3 Qa5 13. Rac1 Be6 14. Rc2 Rfc8 15. b4 axb3 16. axb3 Qb4 17. Na4 Qxb3 18. Nb6 Bh6 19. f4 Nxe4 20. Qd3 Qxd3 21. Bxd3 Ra3 22. Bxe4 Rxe3 23. Nxc8 Rxe4 24. Nxe7+ Kf8 25. Nd5 b5 26. Rd1 bxc4 27. Nc3 Rxf4 28. Rxd6 Rf5 29. Nd1 Ra5 30. Kf2 Rf5+ 31. Ke1 Rc5 32. g3 Bg5 33. Nc3 Bf5 34. Ra2 Re5+ 35. Re2 Ra5 36. Ra2 Rc5 37. h4 Be7 38. Rda6 Re5+ 39. Re2 Bb4 0-1

[Event "RUS-ch Higher League 63rd"]
[Site "Irkutsk"]
[Date "2010.08.31"]
[Round "6"]
[White "Obolenskikh, Dmitry Aleksandrovi"]
[Black "Tseshkovsky, Vitaly"]
[Result "1-0"]
[WhiteElo "2466"]
[BlackElo "2564"]
[PlyCount "33"]
[EventDate "2010.08.20"]
[EventType "swiss"]
[EventRounds "10"]
[EventCountry "RUS"]
[SourceTitle "CBM 138"]
[Source "ChessBase"]
[SourceDate "2010.09.17"]
[SourceVersion "1"]
[SourceVersionDate "2010.09.17"]
[SourceQuality "1"]

1. e4 g6 2. d4 Bg7 3. Nc3 d6 4. f4 Nc6 5. Be3 Nf6 6. Nf3 0-0 7. Bd3 e5 8. fxe5 dxe5 9. dxe5 Ng4 10. Bg5 Qd7 11. Bb5 Qe6 12. Nd5 Ncxe5 13. Nd4 Qd6 14. Be7 Qxe7 15. Nxe7+ Kh8 16. Nxc8 Raxc8 17. Bd7 1-0

[Event "RUS-ch Higher League 63rd"]
[Site "Irkutsk"]
[Date "2010.08.29"]
[Round "4"]
[White "Bukavshin, Ivan"]
[Black "Tseshkovsky, Vitaly"]
[Result "1-0"]
[WhiteElo "2430"]
[BlackElo "2564"]
[PlyCount "115"]
[EventDate "2010.08.20"]
[EventType "swiss"]
[EventRounds "10"]
[EventCountry "RUS"]
[SourceTitle "CBM 138"]
[Source "ChessBase"]
[SourceDate "2010.09.17"]
[SourceVersion "1"]
[SourceVersionDate "2010.09.17"]
[SourceQuality "1"]

1. Nf3 d5 2. d4 c6 3. c4 e6 4. Nc3 f5 5. Bf4 Nf6 6. e3 Bd6 7. Be2 0-0 8. 0-0 Qe7 9. Qc2 Ne4 10. Bxd6 Nxd6 11. cxd5 cxd5 12. Nb5 Nc6 13. Nxd6 Qxd6 14. Bb5 Nd8 15. Rac1 Nf7 16. Qc7 a6 17. Ba4 b5 18. Bd1 Bd7 19. Qxd6 Nxd6 20. Ne5 Rfd8 21. Be2 Be8 22. Nd3 a5 23. Rc7 Rd7 24. Rfc1 b4 25. Rxd7 Bxd7 26. Ne5 Be8 27. f3 f4 28. exf4 Nf5 29. Bd3 Nxd4 30. Kf2 Nb5 31. Bxb5 Bxb5 32. Rc5 Be8 33. Ke3 b3 34. a3 d4+ 35. Kd3 a4 36. Nc6 Bxc6 37. Rxc6 Kf7 38. Rc4 h5 39. h4 Kf6 40. g3 Ra5 41. Rxd4 Ra8 42. Rc4 Rd8+ 43. Ke2 Ra8 44. Ke3 Kf7 45. Rc7+ Kg6 46. g4 Rd8 47. Rc6 Kf7 48. Rc1 Rd6 49. gxh5 Rd5 50. Rc4 Rd1 51. Rxa4 Rb1 52. Rb4 Rxb2 53. a4 Ra2 54. Kd3 Rf2 55. Kc4 Rxf3 56. Kb5 e5 57. fxe5 Re3 58. Kb6 1-0

[Event "RUS-ch Higher League 63rd"]
[Site "Irkutsk"]
[Date "2010.08.28"]
[Round "3"]
[White "Tseshkovsky, Vitaly"]
[Black "Shimanov, Aleksandr"]
[Result "1/2-1/2"]
[WhiteElo "2564"]
[BlackElo "2519"]
[PlyCount "72"]
[EventDate "2010.08.20"]
[EventType "swiss"]
[EventRounds "10"]
[EventCountry "RUS"]
[SourceTitle "CBM 138"]
[Source "ChessBase"]
[SourceDate "2010.09.17"]
[SourceVersion "1"]
[SourceVersionDate "2010.09.17"]
[SourceQuality "1"]

1. e4 c6 2. d4 d5 3. Nc3 dxe4 4. Nxe4 Bf5 5. Ng3 Bg6 6. Nf3 Nd7 7. h4 h6 8. h5 Bh7 9. Bd3 Bxd3 10. Qxd3 e6 11. Bf4 Qa5+ 12. Bd2 Bb4 13. c3 Be7 14. c4 Qc7 15. 0-0-0 Ngf6 16. Kb1 0-0 17. Rc1 Rfd8 18. Qe2 c5 19. Bc3 cxd4 20. Nxd4 Nc5 21. Rhd1 Qf4 22. Ndf5 exf5 23. Qxe7 Rxd1 24. Rxd1 Nfe4 25. Nxe4 Nxe4 26. Be1 b6 27. f3 Nf6 28. Bc3 Nxh5 29. Qb7 Re8 30. Qxa7 Qxc4 31. Qxb6 Nf4 32. Qd6 h5 33. Rd4 Qf1+ 34. Rd1 Qc4 35. Rd4 Qf1+ 36. Rd1 Qc4 1/2-1/2

[Event "RUS-ch Higher League 63rd"]
[Site "Irkutsk"]
[Date "2010.08.26"]
[Round "1"]
[White "Tseshkovsky, Vitaly"]
[Black "Najer, Evgeniy"]
[Result "0-1"]
[WhiteElo "2564"]
[BlackElo "2672"]
[PlyCount "70"]
[EventDate "2010.08.20"]
[EventType "swiss"]
[EventRounds "10"]
[EventCountry "RUS"]
[SourceTitle "CBM 138"]
[Source "ChessBase"]
[SourceDate "2010.09.17"]
[SourceVersion "1"]
[SourceVersionDate "2010.09.17"]
[SourceQuality "1"]

1. e4 c5 2. Nf3 d6 3. d4 cxd4 4. Nxd4 Nf6 5. Nc3 a6 6. Be2 e5 7. Nb3 Be7 8. 0-0 0-0 9. Kh1 Nc6 10. Be3 Be6 11. Qd2 d5 12. exd5 Nxd5 13. Nxd5 Bxd5 14. Rfd1 Be4 15. Nc5 Qxd2 16. Rxd2 Bxc5 17. Bxc5 Rfd8 18. Rad1 Rxd2 19. Rxd2 Rd8 20. Rxd8+ Nxd8 21. c3 Ne6 22. Be3 Nf4 23. Bxf4 exf4 24. Kg1 g5 25. f3 Bd5 26. a4 Kg7 27. b4 Kf6 28. Bd3 h6 29. c4 Be6 30. c5 Bc8 31. c6 bxc6 32. Be4 Bd7 33. Bd3 c5 34. bxc5 a5 35. Kf2 Bxa4 0-1

[Event "EU-ch Seniors 10th"]
[Site "Thessaloniki"]
[Date "2010.04.18"]
[Round "9"]
[White "Tseshkovsky, Vitaly"]
[Black "Zhelesny, Stanislav"]
[Result "1-0"]
[WhiteElo "2549"]
[BlackElo "2163"]
[PlyCount "65"]
[EventDate "2010.04.10"]
[EventType "swiss"]
[EventRounds "9"]
[EventCountry "GRE"]
[SourceTitle "CBM 135 Extra"]
[Source "ChessBase"]
[SourceDate "2010.05.04"]
[SourceVersion "1"]
[SourceVersionDate "2010.05.04"]
[SourceQuality "1"]

1. e4 c6 2. d4 d5 3. Nd2 g6 4. c3 Bg7 5. e5 Nh6 6. f4 e6 7. Ndf3 Nd7 8. Bd3 b6 9. h4 f5 10. exf6 Nxf6 11. Ne5 Bb7 12. g4 Nd7 13. h5 Nxe5 14. fxe5 Nf7 15. Nf3 Qe7 16. a4 Kd7 17. a5 gxh5 18. Rxh5 h6 19. Nh4 Rhe8 20. Ng6 Qd8 21. Qf3 Nh8 22. g5 Nxg6 23. Bxg6 Rf8 24. Qg2 bxa5 25. gxh6 Bh8 26. Bd3 Rg8 27. Rg5 Rxg5 28. Bxg5 Qg8 29. Rxa5 Kc7 30. b4 Kb6 31. Ra2 a5 32. bxa5+ Rxa5 33. Rxa5 1-0

[Event "Agzamov Memorial 04th"]
[Site "Tashkent"]
[Date "2010.03.29"]
[Round "7"]
[White "Zhigalko, Sergei"]
[Black "Tseshkovsky, Vitaly"]
[Result "1-0"]
[WhiteElo "2648"]
[BlackElo "2549"]
[PlyCount "76"]
[EventDate "2010.03.23"]
[EventType "swiss"]
[EventRounds "9"]
[EventCountry "UZB"]
[SourceTitle "CBM 135 Extra"]
[Source "ChessBase"]
[SourceDate "2010.05.04"]
[SourceVersion "1"]
[SourceVersionDate "2010.05.04"]
[SourceQuality "1"]

1. e4 g6 2. d4 Bg7 3. Nc3 d6 4. Be3 a6 5. Qd2 b5 6. a4 b4 7. Nce2 a5 8. Ng3 c6 9. Nf3 h5 10. Bd3 Bg4 11. Ng5 Nh6 12. h3 Bc8 13. c3 bxc3 14. bxc3 d5 15. e5 h4 16. Ne2 Nf5 17. Bf4 Na6 18. 0-0 Nc7 19. Rab1 f6 20. Nf3 Ne6 21. Qc2 0-0 22. Bxf5 gxf5 23. Nxh4 Ba6 24. Ng6 Rf7 25. Rfe1 c5 26. dxc5 Nxc5 27. Rbd1 e6 28. Ng3 Rc8 29. Nxf5 fxe5 30. Nxg7 exf4 31. Nxe6 Qf6 32. Nxc5 Rxc5 33. Re8+ Kg7 34. Ne5 Rfc7 35. Re1 d4 36. Qb3 Bc4 37. Nxc4 Rxc4 38. cxd4 Qxd4 1-0

[Event "EU-chT Seniors 12th"]
[Site "Dresden"]
[Date "2010.02.15"]
[Round "6"]
[White "Uhlmann, Wolfgang"]
[Black "Tseshkovsky, Vitaly"]
[Result "0-1"]
[WhiteElo "2412"]
[BlackElo "2554"]
[PlyCount "148"]
[EventDate "2010.02.10"]
[EventType "team-swiss"]
[EventRounds "9"]
[EventCountry "GER"]
[SourceTitle "CBM 134 Extra"]
[Source "ChessBase"]
[SourceDate "2010.03.03"]
[SourceVersion "1"]
[SourceVersionDate "2010.03.03"]
[SourceQuality "1"]
[WhiteTeam "Germany (Seniors)"]
[BlackTeam "Russia (Seniors)"]
[WhiteTeamCountry "GER"]
[BlackTeamCountry "RUS"]

1. c4 e5 2. Nc3 d6 3. g3 g6 4. d4 Nd7 5. Bg2 Bg7 6. Nf3 Ne7 7. 0-0 0-0 8. e4 exd4 9. Nxd4 Nc6 10. Nde2 a5 11. h3 a4 12. Rb1 Nc5 13. Be3 Re8 14. b4 axb3 15. axb3 Bd7 16. b4 Ne6 17. f4 Nf8 18. c5 dxc5 19. bxc5 Qc8 20. Kh2 Be6 21. Qc2 Bc4 22. Rfd1 Bxe2 23. Nxe2 Ra3 24. Bc1 Ra7 25. e5 Ne6 26. Nc3 h5 27. Be3 Ra3 28. Qb2 Ra7 29. Nd5 Qa8 30. Ra1 h4 31. gxh4 Rxa1 32. Rxa1 Qd8 33. Qf2 Nxe5 34. Rd1 Nc4 35. Bc1 c6 36. Ne3 Bd4 37. Qf3 Nxe3 38. Bxe3 Qf6 39. h5 Bxe3 40. Qxe3 gxh5 41. Rf1 h4 42. Rf2 Ng7 43. Qd3 Rd8 44. Qe4 Ne6 45. Qe3 Qd4 46. Qf3 Kf8 47. f5 Qe5+ 48. Kh1 Nd4 49. Qf4 Qxf4 50. Rxf4 Ke7 51. f6+ Ke6 52. Bf1 Ke5 53. Rxh4 Nf5 54. Rb4 Rd7 55. h4 Rd1 56. Kg1 Ne3 57. Kf2 Nxf1 58. Rxb7 Kxf6 59. Rc7 Nh2 60. Kg3 Rd2 61. Rxc6+ Ke5 62. Rc7 f5 63. Re7+ Kf6 64. Re8 Ng4 65. c6 Rd3+ 66. Kf4 Rd4+ 67. Kg3 Rc4 68. Rc8 Rc3+ 69. Kg2 Ke5 70. h5 Kf4 71. Kf1 Kg3 72. Ke2 f4 73. Kd2 Rc5 74. c7 f3 0-1

[Event "EU-chT Seniors 12th"]
[Site "Dresden"]
[Date "2010.02.14"]
[Round "5"]
[White "Tseshkovsky, Vitaly"]
[Black "Lechtynsky, Jiri"]
[Result "1/2-1/2"]
[WhiteElo "2554"]
[BlackElo "2393"]
[PlyCount "51"]
[EventDate "2010.02.10"]
[EventType "team-swiss"]
[EventRounds "9"]
[EventCountry "GER"]
[SourceTitle "CBM 134 Extra"]
[Source "ChessBase"]
[SourceDate "2010.03.03"]
[SourceVersion "1"]
[SourceVersionDate "2010.03.03"]
[SourceQuality "1"]
[WhiteTeam "Russia (Seniors)"]
[BlackTeam "Czech Republic (Seniors)"]
[WhiteTeamCountry "RUS"]
[BlackTeamCountry "CZE"]

1. e4 c6 2. d4 d5 3. Nc3 dxe4 4. Nxe4 Bf5 5. Ng3 Bg6 6. Nf3 Nd7 7. h4 h6 8. h5 Bh7 9. Bd3 Bxd3 10. Qxd3 Ngf6 11. Bf4 e6 12. 0-0-0 Be7 13. Kb1 0-0 14. Qe2 Qa5 15. Ne5 Rfd8 16. c4 Nxe5 17. dxe5 Nd7 18. Rd2 Nc5 19. Rhd1 Qc7 20. Rxd8+ Rxd8 21. Rxd8+ Qxd8 22. Be3 b5 23. a3 a6 24. Bxc5 Bxc5 25. Ne4 Qd4 26. cxb5 1/2-1/2

[Event "EU-chT Seniors 12th"]
[Site "Dresden"]
[Date "2010.02.11"]
[Round "2"]
[White "Watzka, Horst"]
[Black "Tseshkovsky, Vitaly"]
[Result "1-0"]
[WhiteElo "2296"]
[BlackElo "2554"]
[PlyCount "117"]
[EventDate "2010.02.10"]
[EventType "team-swiss"]
[EventRounds "9"]
[EventCountry "GER"]
[SourceTitle "CBM 134 Extra"]
[Source "ChessBase"]
[SourceDate "2010.03.03"]
[SourceVersion "1"]
[SourceVersionDate "2010.03.03"]
[SourceQuality "1"]
[WhiteTeam "Steiermark (Seniors)"]
[BlackTeam "Russia (Seniors)"]
[WhiteTeamCountry "AUT"]
[BlackTeamCountry "RUS"]

1. e4 c5 2. Nf3 e6 3. c4 Nc6 4. Nc3 e5 5. d3 d6 6. a3 a5 7. Be2 Nge7 8. Nd5 Nxd5 9. cxd5 Nb8 10. 0-0 Be7 11. Nd2 0-0 12. Bg4 Bxg4 13. Qxg4 a4 14. Nc4 Kh8 15. f4 Nd7 16. fxe5 Nxe5 17. Nxe5 dxe5 18. Rf3 Ra6 19. Bd2 Rg6 20. Qf5 Bg5 21. Bc3 Bf6 22. Raf1 Qe7 23. Bd2 Kg8 24. Kh1 b5 25. g3 Qd6 26. h4 Be7 27. Bc3 Qd8 28. Bxe5 Bd6 29. Kh2 b4 30. Bxd6 Rxd6 31. Qf4 Rb6 32. Rc1 bxa3 33. bxa3 Rb2+ 34. Rf2 Rb5 35. Rc4 Qa5 36. e5 Rb1 37. Rxa4 Qd8 38. d6 Qd7 39. Re4 Re8 40. Qf3 Qb7 41. Re3 h5 42. Qxb7 Rxb7 43. Rc2 Ra8 44. Kg2 Kh7 45. Rxc5 Rxa3 46. Kf3 Kg6 47. Ke4 Rba7 48. d4 Ra1 49. Rec3 Re1+ 50. Kd5 Rd1 51. Rc7 Ra5+ 52. R7c5 Ra7 53. Rc7 Ra5+ 54. R3c5 Ra4 55. Rc4 Ra5+ 56. Kc6 Ra6+ 57. Kd7 Rb1 58. Ke7 Rbb6 59. d5 1-0

[Event "Wch Seniors 19th"]
[Site "Condino"]
[Date "2009.11.07"]
[Round "11"]
[White "Chernikov, Oleg L"]
[Black "Tseshkovsky, Vitaly"]
[Result "1/2-1/2"]
[WhiteElo "2405"]
[BlackElo "2549"]
[PlyCount "21"]
[EventDate "2009.10.27"]
[EventType "swiss"]
[EventRounds "11"]
[EventCountry "ITA"]
[SourceTitle "EXT 2010"]
[Source "ChessBase"]
[SourceDate "2010.11.25"]
[SourceVersion "1"]
[SourceVersionDate "2010.11.25"]
[SourceQuality "1"]

1. d4 Nf6 2. c4 g6 3. Nc3 d5 4. Nf3 Bg7 5. Bg5 Ne4 6. cxd5 Nxg5 7. Nxg5 e6 8. Nf3 exd5 9. e3 0-0 10. Be2 a5 11. 0-0 1/2-1/2

[Event "Wch Seniors 19th"]
[Site "Condino"]
[Date "2009.10.29"]
[Round "3"]
[White "Kernazhitsky, Leonid"]
[Black "Tseshkovsky, Vitaly"]
[Result "1/2-1/2"]
[WhiteElo "2327"]
[BlackElo "2549"]
[PlyCount "102"]
[EventDate "2009.10.27"]
[EventType "swiss"]
[EventRounds "11"]
[EventCountry "ITA"]
[SourceTitle "EXT 2010"]
[Source "ChessBase"]
[SourceDate "2010.11.25"]
[SourceVersion "1"]
[SourceVersionDate "2010.11.25"]
[SourceQuality "1"]

1. e4 g6 2. d4 Bg7 3. Nc3 a6 4. Nf3 d6 5. Be3 Nf6 6. h3 0-0 7. Qd2 b5 8. Bd3 Bb7 9. a3 Nbd7 10. Bh6 e5 11. Bxg7 Kxg7 12. dxe5 dxe5 13. Qe3 c5 14. 0-0 c4 15. Be2 Qb6 16. Qxb6 Nxb6 17. Nxe5 Rae8 18. f4 Nxe4 19. Bf3 Nxc3 20. Bxb7 Ne2+ 21. Kh2 Nxf4 22. Rae1 Ne6 23. Bxa6 Nc7 24. Bb7 Re7 25. Nf3 Rfe8 26. Bc6 Rxe1 27. Rxe1 Rxe1 28. Nxe1 Kf6 29. Nf3 Ke7 30. b3 Kd6 31. Bb7 f6 32. Kg3 Ne6 33. Ba6 Kc6 34. bxc4 bxc4 35. Nd2 Kd5 36. c3 Nc5 37. Bb5 Ne4+ 38. Nxe4 Kxe4 39. a4 Kd3 40. a5 Nc8 41. Bd7 Na7 42. Be6 Kxc3 43. Bg8 h6 44. Bf7 Kb4 45. Bxg6 Kxa5 46. Kg4 Nc6 47. Kh5 Nd4 48. Kxh6 f5 49. Bh5 Nc2 50. Be2 c3 51. Bd3 Ne1 1/2-1/2